000
00349 a2200169 4500
001
182816
020
_a
85-7160-067-8
040
_c
Magnum
100
_a
Gabriel, Paulo
240
1
0
_a
Memorial do corpo
_l
por
245
1
0
_a
Memorial do corpo
300
_a
100
362
0
_a
1996
440
1
_a
Ática
697
_a
LITERATURA GERAL
942
_c
BK
999
_c
182816
_d
182816